Deutsche Kreise mit dem höchsten Haushaltseinkommen - Statistiken

Allgemein
  • Dieses Quiz wurde 81 mal gespielt
  • Das Durchschnittsergebnis liegt bei 7 aus 20
Antwortstatistiken
# Bundesland Kreis % Korrekt
29.891 Bayern München
96%
29.685 Bayern München
96%
34.987 Bayern Starnberg
64%
25.408 Rheinland-Pfalz Mainz-Bingen
57%
26.641 Hessen Main-Taunus-Kreis
44%
29.565 Baden-Württemberg Baden-Baden
40%
31.612 Hessen Hochtaunuskreis
37%
29.641 Baden-Württemberg Ulm
37%
25.728 Baden-Württemberg Bodenseekreis
31%
25.486 Bayern Bad Tölz-Wolfratshausen
27%
32.366 Baden-Württemberg Heilbronn
24%
26.614 Bayern Ebersberg
20%
28.017 Bayern Miesbach
19%
25.391 Rheinland-Pfalz Neustadt an der Weinstraße
16%
25.441 Rheinland-Pfalz Rhein-Pfalz-Kreis
16%
25.461 Baden-Württemberg Lörrach
13%
26.941 Bayern Memmingen
11%
25.615 Rheinland-Pfalz Bad Dürkheim
9%
27.132 Nordrhein-Westfalen Olpe
4%
25.418 Bayern Schwabach
3%
Keine übereinstimmenden Quizze gefunden
Verteilung der Resultate
Anzahl Personen mit jedem Resultat
Perzentil nach korrekt beantworteten Fragen
Ihre Resultats-Entwicklung
Sie haben dieses Quiz noch nicht gespielt